00301nam a2200109Ia 4500008004100000041000800041082002700049100001400076245005500090260003700145300000900182230411s9999 xx 000 0 und d aeng aMS/610.7368/CLE/B07778 aClement I aTextbook on Neurological and Neurosurgical Nursing bJaypee BrothersaNew Delhic2015 a780p